01207nam a2200193Ia 4500001001000000003001000010008004100020040002500061041001300086100003600099245007100135250001100206260009200217300002800309500026400337501011400601520026400715650003400979L235-7410IT-CnALBA170116s9999||||xx |||||||||||||| ||und|| aIT-CnALBAcIT-CnALBA aITALIANO aTOMMASO D'AQUINOgSANTO DOTTORE 0aLE GLORIE DI MARIA SANTISSIMA. SAGGIO COMPILATO DA VERA VINCENZO.  a1a ed. a GENOVAbGIOVENTÙ LIBR. ARCIVESCOVILE c1879 [1° Ed.:1879 - Ed.Ling.Originale: 1879] a142 p. (prefazione: 34) aPREDESTINAZIONE DI MARIA. PROFEZIE SU MARIA NELL'ANTICO TESTAMENTO. IMMACOLATA CONCEZIONE. NATIVITÀ PRESENTAZIONE. SPOSALIZIO CON S. GIUSEPPE.ANNUNZIAZIONE. VISITAZIONE. MAGNIFICAT. PARTO E RELAZIONE CON GESÙ. MARIA A CANA. MARIA DURANTE LA VITA PUBBLICA  aSocietà San Paolo EM - Piazza San Paolo, 14 - 12051 ALBA (CN) (non commercial uses only) ® Copyright 2017 aPREDESTINAZIONE DI MARIA. PROFEZIE SU MARIA NELL'ANTICO TESTAMENTO. IMMACOLATA CONCEZIONE. NATIVITÀ PRESENTAZIONE. SPOSALIZIO CON S. GIUSEPPE.ANNUNZIAZIONE. VISITAZIONE. MAGNIFICAT. PARTO E RELAZIONE CON GESÙ. MARIA A CANA. MARIA DURANTE LA VITA PUBBLICA  aMARIA SS. ANGELI SANTI DEMONI